000 01735nam a2200409 a 4500
001
003 DO-SdBPM
005 20250623124536.0
007 ta
008 090709s2009 dr 001 0dspa d
020 _a9945412191
040 _aDO-SdBPM
_bspa
_cBPMSU
_erda
049 _a
082 _aRD863.4409
_bB742p 2008
_222
092 _a
100 1 _aPichardo Niño, Coronada,
_d1970-
245 1 0 _aJuan Bosch y la canonización de la narrativa dominicana /
_cCoronada Pichardo Niño ; prólogo Bruno Rosario Candelier ; edición Aida E. Montero M.
260 _c
264 _aSanto Domingo :
_bFundación Global Democracia y Desarrollo :
_bFundación Juan Bosch,
_c2008
300 _axxxii, 479 páginas . :
_b26 cm.
500 _aIncluye datos biográfico del autora en la solapa de la cubierta
500 _aIncluye referencias bibliográficas y notas al pie de las páginas
504 _a
504 _aBibliografía: p.439-479.
505 0 _aPrólogo / Bruno Rosario Candelier -- Juan Bosch y la canonización de la narrativa dominicana -- La novela dominicana, La Mañosa, Tradición y modernidad -- La cuentistica de Juan Bosch : teoría , praxis y valor.
590 _aInventariado, 2025/VM
590 _6Inventariado, 2025/VM
600 1 4 _aBosch, Juan
_d1909-2001
_xCrítica e interpretación
650 4 _aLiteratura dominicana
_xHistoria y crítica
650 4 _aCuentos dominicanos
_xHistoria y crítica
650 4 _aNovela dominicana
_xHistoria y crítica
700 1 _aRosario Candelier, Bruno,
_eprólogo
700 1 _aMontero M., Aida E.,
_eeditorial
710 2 _aRepública Dominicana.
_bFundación Juan Bosch
910 _aVMateo V. Control de calidad. BPMSU
942 _2ddc
_cBK
999 _c13568
_d13568